000 00323nam a22001337a 4500
008 170801b xxu||||| |||| 00| 0 eng d
020 _a0619217545
041 _aeng
080 _a004
100 _a32
101 _aSHK
245 _aPLANNING A MICROSOFT WINDOWS SERVER 2003 NETWORK, ENHANCED
_cWRIGHT,B
942 _2udc
_cBK
999 _c22428
_d22428